Statistics for Top 20 Football Clubs in Europe (with a map) [2017]

Click here to take the quiz!

General Stats

  • This quiz has been taken 1,705 times
  • The average score is 18 of 21

Answers on the Map

Answers color-coded by a green-red scale on the quiz's map according to % correct below.
 

Answer Stats

ClubPoints% Correct
Real Madrid148
98%
FC Barcelona126
97%
Manchester United81
97%
Manchester City97
96%
Paris Saint-Germain109
96%
Chelsea81
94%
Arsenal81
93%
Atlético Madrid122
92%
FC Porto85
92%
Juventus120
91%
Borussia Dortmund85
89%
Bayer 04 Leverkusen66
86%
Sevilla108
85%
SL Benfica80
85%
Tottenham Hotspur66
83%
Bayern Munich125
77%
SSC Napoli76
76%
Schalke 0462
65%
Shakhtar Donetsk79
64%
Zenit Saint Petersburg75
62%
FC Basel 189369
46%

Score Distribution

Percentile by Number Answered

Percent of People with Each Score

Your Score History

You have not taken this quiz